LEADER 01315cam0-2200397---450 001 990005624500203316 005 20211111124409.0 035 $a000562450 035 $aUSA01000562450 035 $a(ALEPH)000562450USA01 035 $a000562450 100 $a20020326d1948----|||y0itay5003----ba 101 0 $aita 102 $aIT 105 $ay 00 y 200 1 $aDalla res publica christiana agli stati uniti di Europa$esviluppo dell'idea pacifista in Francia nei secoli 17.- 19.$fArmando Saitta 210 $aRoma$cEdizioni di storia e letteratura$d1948 215 $a185 p.$d20 cm 225 2 $aLetture di pensiero e d'arte 410 0$12001$aLetture di pensiero e d'arte 606 0 $aPacifismo$xFrancia$xSec. 17.-19.$2BNCF 676 $a303.66 700 1$aSAITTA,$bArmando$050346 801 0$aIT$bsalbc$gISBD 912 $a990005624500203316 951 $aCC 303.66 SAI$b3873 FIL 951 $aX.2.B. 2287(A 2 1 46)$b1015 CSSM$cX.2.$d411323 951 $aX.2.B. 2287 a (Varie Coll. 108/3)$b66325 L.M.$cX.2.$d492110 959 $aBK 969 $aFIL 969 $aUMA 979 $c20121027$lUSA01$h1525 979 $c20121027$lUSA01$h1614 979 $aPATRY$b90$c20130226$lUSA01$h1544 996 $aDalla Res Publica Christiana agli Stati Uniti di Europa$9587828 997 $aUNISA